000 00727nam a2200253 i 4500
003 DO-SdBNP
005 20250919085611.0
007 ta
008 240625s2002 dr r 000 0 spa d
020 _a9993477184
040 _aDO-SdBNP
_bspa
_cBNPHU
_erda
041 _aspa
082 4 _axxx
_bG934h
_222
100 _aGuerra R., Alberto,
_935398
_eautor
_4aut.
245 1 0 _aHistoria de la arquitectura I /
_cAlberto Guerra R.
264 1 _aSanto Domingo :
_bUASD,
_c2002.
300 _a164 páginas :
_bilustraciones ;
_c24 cm.
336 _2rdacontent
_atexto
_btxt
337 _2rdamedia
_asin mediación
_bn
338 _2rdacarrier
_avolumen
_bnc
590 _aInventariado, 2024/ DG
910 _aDG
942 _2ddc
_cLBS1
999 _c56955
_d56955